| 000 | 00812nam a2200277Ia 4500 | ||
|---|---|---|---|
| 001 | G5161 | ||
| 003 | IT-RoPAU | ||
| 008 | 130308s9999 xx 000 0 und d | ||
| 040 | _aIT-RoPAU | ||
| 040 | _cIT-RoPAU | ||
| 041 | _aITALIANO | ||
| 100 | _aEco Umberto | ||
| 100 | _gCodice Aut. SPICS: 7017 | ||
| 245 | _aCharles Sanders personal: modelli di interpretazione artificiale | ||
| 245 | _bScena immateriale (La). Linguaggi Elettronici e mondi Virtuali | ||
| 250 | _a2a ed. | ||
| 260 | _aANCONA/MILANO | ||
| 260 | _bEditori Associati | ||
| 260 | _c2000 [1° Ed.:1994 - Ed.Ling.Originale:1999] | ||
| 300 | _a"25 p. (prefazione: no ; testo: 25 [pagine: 211-235])" | ||
| 650 | _aSAGGI SULLA MULTIMEDIALITA' | ||
| 650 | _eCodice materia Spics: 4257 | ||
| 942 | _cBK | ||
| 957 | _71 | ||
| 999 |
_c81592 _d81592 |
||
| 999 | _g1 | ||